000 01460nam0a2200373 4500
001 RU\NLR\ONL2\6480
005 20260204000000.0
035 _a(NLR Aleph) 009654077
090 _a9582544
_c9582544
100 _a20061226d1964 u y0rusy50 ca
101 0 _alau
102 _aRU
105 _aa |||||||||
135 _acrcn 024anaba
200 1 _aХонначан
_eдёнтур
_fПлатон Ламутскай
210 _aЯкутск
_cНёка төрэнэн изд-во
_d1964
215 _a48 с.
_cил.
_d20
325 _aКопия доступна в Электрон. б-ке РНБ
541 1 _aОлененок
_eстихи
_zrus
686 1 _aШ6(2=Эв)7-5
700 1 _4070
_7ca
_8rus
_aЛамутский
_bП.
_f1920-1987
_gПлатон
_9130366
_3RU\NLR\auth-onl\77308
801 0 _aRU
_bNLR
_c20061226
_gPSBO
852 _aNLR
_bОНЛ
_jЭвенск./2-19
852 _aNLR
_bОНЛ
_jЭвенск./2-19
856 0 _uhttps://vivaldi.nlr.ru/bx000039076/view
856 1 _uhttps://vivaldi.nlr.ru/bx000039076/cover
856 2 _uhttps://vivaldi.nlr.ru/bx000039076/text
901 _eКнижные издания: ОНЛ
942 _cBOOK
980 _aNB
980 _aONL_RF
981 2 3 _a(23) Национальные литературы
_b(23) Книги на национальных языках